| 000 | 00618nam a22002177a 4500 | ||
|---|---|---|---|
| 003 | OSt | ||
| 005 | 20140310181927.0 | ||
| 008 | 130720t xxu||||| |||| 00| 0 eng d | ||
| 050 |
_aQA 43 _b.Sch372s9t 2003 |
||
| 082 |
_aTR 510 _bS666 2003 |
||
| 110 | _aCambridge University Press | ||
| 245 |
_aSMP Interact 9T : _bresource sheets for book 9T / |
||
| 260 |
_aCambridge : _bCambridge University Press, _cc2003. |
||
| 300 |
_a22 p. ; _bill. ; _c30 cm. |
||
| 521 | _aFaculty | ||
| 541 | _j1 | ||
| 562 | _e1 | ||
| 650 |
_aMathematics _9210 |
||
| 710 | _aCambridge University Press | ||
| 942 |
_2lcc _cBK-TR _kTR |
||
| 999 |
_c7197 _d7197 |
||